[Event "AUT-chT2W 1516"]
[Site "Austria"]
[Date "2016.03.04"]
[Round "9.6"]
[White "Gauss, Gustav"]
[Black "Harringer, Franz"]
[Result "1-0"]
[WhiteElo "2182"]
[BlackElo "2239"]
[PlyCount "125"]
[EventDate "2015.10.16"]
[EventType "team-tourn"]
[EventRounds "11"]
[EventCountry "AUT"]
[SourceTitle "EXT 2017"]
[Source "ChessBase"]
[SourceDate "2016.10.25"]
[SourceVersion "1"]
[SourceVersionDate "2016.10.25"]
[SourceQuality "1"]
[WhiteTeam "Goetzis II"]
[BlackTeam "Salzburg"]
[WhiteTeamCountry "AUT"]
[BlackTeamCountry "AUT"]

1. d4 Nf6 2. Nf3 g6 3. Bf4 Bg7 4. e3 0-0 5. Be2 d6 6. 0-0 b6 7. c4 c5 8. Nc3 Bb7 9. d5 Na6 10. h3 Nc7 11. a4 a6 12. e4 Nd7 13. Qd2 Re8 14. Bd3 e5 15. Bh6 Nf6 16. Nh2 Nh5 17. Ne2 b5 18. b3 Bc8 19. Bxg7 Kxg7 20. axb5 Rb8 21. bxa6 Nxa6 22. g4 Nf4 23. Nxf4 exf4 24. Qc3+ Qf6 25. Rfc1 Nb4 26. Bb1 h5 27. Kg2 Re5 28. Nf3 hxg4 29. hxg4 Bxg4 30. Nxe5 f3+ 31. Nxf3 Bxf3+ 32. Kg3 Qxc3 33. Rxc3 Bh5 34. f4 Kf6 35. Re3 Re8 36. Ra7 g5 37. Rd7 gxf4+ 38. Kxf4 Rg8 39. Rxd6+ Ke7 40. Rh6 Rg4+ 41. Kf5 Rh4 42. Kg5 Rh1 43. Rxh5 Rxb1 44. Rh2 Rg1+ 45. Kf4 Rf1+ 46. Rf3 Rd1 47. Rh6 Nc2 48. Rc6 Nd4 49. Rxc5 Nxf3 50. Kxf3 Rd3+ 51. Kf4 Rxb3 52. Rc7+ Kd8 53. Rxf7 Rc3 54. Ke5 Rxc4 55. Kd6 Ke8 56. Re7+ Kf8 57. e5 Ra4 58. Rc7 Ra6+ 59. Kd7 Ra5 60. Ke6 Ra8 61. d6 Ra5 62. Rc8+ Kg7 63. d7 1-0

[Event "AUT-chT2W 1516"]
[Site "Austria"]
[Date "2015.10.16"]
[Round "1.2"]
[White "Koepke, Elena"]
[Black "Harringer, Franz"]
[Result "1-0"]
[WhiteElo "2299"]
[BlackElo "2239"]
[PlyCount "132"]
[EventDate "2015.10.16"]
[EventType "team-tourn"]
[EventRounds "11"]
[EventCountry "AUT"]
[SourceTitle "CBM 168 Extra"]
[Source "ChessBase"]
[SourceDate "2015.10.29"]
[SourceVersion "1"]
[SourceVersionDate "2015.10.29"]
[SourceQuality "1"]
[WhiteTeam "Kufstein/Woergl"]
[BlackTeam "Salzburg"]
[WhiteTeamCountry "AUT"]
[BlackTeamCountry "AUT"]

1. e4 d6 2. d4 Nf6 3. Nc3 g6 4. f4 Bg7 5. Nf3 0-0 6. Bd3 Nc6 7. e5 dxe5 8. dxe5 Nd5 9. Nxd5 Qxd5 10. Qe2 Bg4 11. Be4 Qd7 12. Be3 Nd4 13. Bxd4 Bxf3 14. Qxf3 Qxd4 15. c3 Qb6 16. 0-0-0 Rad8 17. h4 f5 18. Bxb7 Rb8 19. Bd5+ e6 20. Bb3 a5 21. Rd4 Rfe8 22. Qe2 Bf8 23. h5 Rbd8 24. hxg6 hxg6 25. Rhd1 Rxd4 26. Rxd4 Bc5 27. Rd3 Kg7 28. g4 Qc6 29. Qd1 Re7 30. gxf5 exf5 31. Bd5 Qb6 32. Qe2 Re8 33. Rh3 Rh8 34. Rxh8 Kxh8 35. Qh2+ Kg7 36. Qh4 Bf8 37. Kc2 a4 38. Qe1 Qc5 39. Qd2 a3 40. b4 Qg1 41. Kb3 Be7 42. Bc4 Qb1+ 43. Kxa3 c5 44. b5 Qe4 45. Kb3 Qb1+ 46. Ka4 Qe4 47. Qd5 Qc2+ 48. Ka5 Qxc3+ 49. Ka6 Kh6 50. Qg8 Kh5 51. Be2+ Kh4 52. Qh7+ Kg3 53. Qxe7 Qa3+ 54. Kb6 Qxa2 55. Qg5+ Kf2 56. Qh4+ Ke3 57. Qg3+ Kd2 58. Qd3+ Ke1 59. Qc4 Qd2 60. Kxc5 Qe3+ 61. Kc6 g5 62. b6 gxf4 63. b7 Qxe5 64. Bf3 Qf6+ 65. Kc7 Qe7+ 66. Kb6 Qd8+ 1-0

[Event "AUT-chT2W 1415"]
[Site "Austria"]
[Date "2015.03.08"]
[Round "11.5"]
[White "Abhau, Jochen"]
[Black "Harringer, Franz"]
[Result "0-1"]
[WhiteElo "2276"]
[BlackElo "2273"]
[PlyCount "80"]
[EventDate "2014.10.10"]
[EventType "team-tourn"]
[EventRounds "11"]
[EventCountry "AUT"]
[SourceTitle "EXT 2016"]
[Source "ChessBase"]
[SourceDate "2015.10.08"]
[SourceVersion "1"]
[SourceVersionDate "2015.10.08"]
[SourceQuality "1"]
[WhiteTeam "Bregenz"]
[BlackTeam "Bernhard II"]
[WhiteTeamCountry "AUT"]
[BlackTeamCountry "AUT"]

1. Nf3 g6 2. d4 Bg7 3. c4 f5 4. g3 Nf6 5. Bg2 0-0 6. 0-0 d6 7. b3 Nc6 8. Bb2 e5 9. e3 e4 10. Ne1 Qe8 11. Nc2 g5 12. f3 exf3 13. Bxf3 Qg6 14. Qd3 Ne4 15. Nc3 Nxc3 16. Bxc3 Bd7 17. b4 Rae8 18. Rae1 Nd8 19. b5 c6 20. bxc6 bxc6 21. Kh1 h5 22. Bg2 Re7 23. Nb4 Be8 24. Rf2 Bh6 25. d5 c5 26. Nc6 Nxc6 27. dxc6 Rc7 28. Rb2 Qf7 29. Bd5 Bxc6 30. Bxc6 Rxc6 31. Reb1 Rc7 32. Qxd6 Bg7 33. Rb8 Rd7 34. Rxf8+ Bxf8 35. Qc6 Rc7 36. Qa6 Rd7 37. Qc8 Qe6 38. Rb8 Qe4+ 39. Kg1 Rd1+ 40. Kf2 Qc2+ 0-1

[Event "AUT-chT2W 1314"]
[Site "Austria"]
[Date "2014.03.07"]
[Round "9.2"]
[White "Harringer, Franz"]
[Black "Sucher, Johannes"]
[Result "0-1"]
[WhiteElo "2272"]
[BlackElo "2202"]
[PlyCount "78"]
[EventDate "2013.10.18"]
[EventType "team-tourn"]
[EventRounds "11"]
[EventCountry "AUT"]
[SourceTitle "EXT 2015"]
[Source "ChessBase"]
[SourceDate "2014.11.20"]
[SourceVersion "1"]
[SourceVersionDate "2014.11.20"]
[SourceQuality "1"]
[WhiteTeam "ASK"]
[BlackTeam "Pradl"]
[WhiteTeamCountry "AUT"]
[BlackTeamCountry "AUT"]

1. e4 Nf6 2. e5 Nd5 3. d4 d6 4. Nf3 Nc6 5. c4 Nb6 6. Be2 Bg4 7. 0-0 Bxf3 8. Bxf3 dxe5 9. c5 Nd7 10. Bxc6 bxc6 11. Qa4 exd4 12. Qxc6 e6 13. Bg5 Be7 14. Bxe7 Kxe7 15. Re1 Rb8 16. Na3 Rxb2 17. Rad1 Qa8 18. Qxc7 Qb8 19. Qc6 Rc8 20. Qe4 Qb4 21. Nc2 Qxc5 22. Nxd4 Nf6 23. Qf4 Rxa2 24. Rc1 Qa5 25. Nf5+ Qxf5 26. Qxf5 Rxc1 27. Qe5 Rcc2 28. Rd1 Nd5 29. Rb1 Kd7 30. Qb8 Rxf2 31. Rb7+ Kc6 32. Qc8+ Kd6 33. Qb8+ Kc5 34. Qf8+ Kc4 35. Rxf7 Rxg2+ 36. Kh1 Rxh2+ 37. Kg1 Rag2+ 38. Kf1 Ne3+ 39. Ke1 Re2# 0-1

[Event "AUT-chT2W 1314"]
[Site "Austria"]
[Date "2014.01.17"]
[Round "6.2"]
[White "Harringer, Franz"]
[Black "Zelbel, Patrick"]
[Result "0-1"]
[WhiteElo "2272"]
[BlackElo "2395"]
[PlyCount "52"]
[EventDate "2013.10.18"]
[EventType "team-tourn"]
[EventRounds "11"]
[EventCountry "AUT"]
[SourceTitle "EXT 2015"]
[Source "ChessBase"]
[SourceDate "2014.11.20"]
[SourceVersion "1"]
[SourceVersionDate "2014.11.20"]
[SourceQuality "1"]
[WhiteTeam "ASK"]
[BlackTeam "Kufstein/Woergl"]
[WhiteTeamCountry "AUT"]
[BlackTeamCountry "AUT"]

1. e4 c5 2. Nf3 d6 3. d4 cxd4 4. Nxd4 Nf6 5. Nc3 g6 6. Bg5 Bg7 7. Bb5+ Bd7 8. Qe2 a6 9. Bxd7+ Nbxd7 10. 0-0-0 Rc8 11. Nb3 h6 12. Bh4 Rxc3 13. bxc3 Qc7 14. Rd4 Nb6 15. Rhd1 Nfd7 16. f4 Bxd4 17. cxd4 d5 18. Qf3 0-0 19. f5 Rc8 20. Rd2 g5 21. Bg3 dxe4 22. Qxe4 Qc3 23. Qxe7 Nc4 24. Qxd7 Nxd2 25. Nc5 Rf8 26. Bd6 Nc4 0-1

[Event "Neumarkt am Wallersee op 12th"]
[Site "Neumarkt am Wallersee"]
[Date "2013.08.28"]
[Round "5"]
[White "Pruell, Lukas"]
[Black "Harringer, Franz"]
[Result "1-0"]
[WhiteElo "1964"]
[BlackElo "2269"]
[PlyCount "81"]
[EventDate "2013.08.24"]
[EventType "swiss"]
[EventRounds "9"]
[EventCountry "AUT"]
[SourceTitle "CBM 156 Extra"]
[Source "ChessBase"]
[SourceDate "2013.10.22"]
[SourceVersion "1"]
[SourceVersionDate "2013.10.22"]
[SourceQuality "1"]

1. e4 g6 2. d4 Bg7 3. Nc3 d6 4. Be3 a6 5. f4 b5 6. Bd3 Nf6 7. e5 Ng4 8. Qf3 c6 9. Bd2 Nh6 10. h3 Bf5 11. Ne4 Bxe4 12. Bxe4 d5 13. Bd3 f5 14. exf6 Bxf6 15. Ne2 Rf8 16. 0-0-0 Nd7 17. g4 Qb6 18. Qe3 Bg7 19. Rhe1 0-0-0 20. Qxe7 Rf7 21. Qa3 Re8 22. Ba5 Bf8 23. Bxb6 Bxa3 24. Ba5 Bd6 25. Bd2 Ng8 26. f5 Ne7 27. fxg6 Nxg6 28. Rf1 Ref8 29. Rf5 Nh4 30. Rxf7 Rxf7 31. a4 Rf2 32. axb5 axb5 33. Re1 Ng6 34. Bf5 Nh4 35. Nc3 Nf3 36. Re8+ Kc7 37. Be3 Rh2 38. b3 Rxh3 39. Kb2 Nh2 40. Bg5 Nb6 41. Rh8 1-0

[Event "AUT-chT2W 1213"]
[Site "Austria"]
[Date "2013.03.08"]
[Round "9.4"]
[White "Dovzik, Juri"]
[Black "Harringer, Franz"]
[Result "0-1"]
[WhiteElo "2346"]
[BlackElo "2214"]
[PlyCount "86"]
[EventDate "2012.10.05"]
[EventType "team-tourn"]
[EventRounds "11"]
[EventCountry "AUT"]
[SourceTitle "EXT 2014"]
[Source "ChessBase"]
[SourceDate "2013.11.20"]
[SourceVersion "1"]
[SourceVersionDate "2013.11.20"]
[SourceQuality "1"]
[WhiteTeam "Ranshofen"]
[BlackTeam "ASK"]
[WhiteTeamCountry "AUT"]
[BlackTeamCountry "AUT"]

1. e4 Nf6 2. e5 Nd5 3. d4 d6 4. c4 Nb6 5. exd6 cxd6 6. Nc3 g6 7. Be3 Bg7 8. Rc1 0-0 9. b3 Bf5 10. Nf3 Bg4 11. Be2 d5 12. c5 Nc8 13. 0-0 Nc6 14. b4 a6 15. Ne1 Bxe2 16. Nxe2 e6 17. Qd2 Re8 18. f4 h5 19. Nf3 N8e7 20. Bf2 Nf5 21. Rfd1 f6 22. Rc2 Re7 23. Nh4 Qe8 24. a4 Bh6 25. Ra2 g5 26. Nxf5 exf5 27. Rb1 Re4 28. Nc3 gxf4 29. Nxd5 Qg6 30. Qd3 Rd8 31. Nc3 f3 32. Qxf3 Rf4 33. Qh3 Nxd4 34. Ne2 Rf3 35. g3 f4 36. Rf1 fxg3 37. hxg3 Nf5 38. Qg2 Qg4 39. b5 Be3 40. Bxe3 Rxf1+ 41. Qxf1 Nxe3 42. Qf2 Rd1+ 43. Kh2 Qe4 0-1

[Event "AUT-chT2W 1213"]
[Site "Austria"]
[Date "2012.11.30"]
[Round "4.2"]
[White "Harringer, Franz"]
[Black "Maurer, Jochen"]
[Result "1-0"]
[WhiteElo "2214"]
[BlackElo "2286"]
[PlyCount "70"]
[EventDate "2012.10.05"]
[EventType "team-tourn"]
[EventRounds "11"]
[EventCountry "AUT"]
[SourceTitle "EXT 2014"]
[Source "ChessBase"]
[SourceDate "2013.11.20"]
[SourceVersion "1"]
[SourceVersionDate "2013.11.20"]
[SourceQuality "1"]
[WhiteTeam "ASK"]
[BlackTeam "Kufstein/Woergl"]
[WhiteTeamCountry "AUT"]
[BlackTeamCountry "AUT"]

1. e4 c5 2. Nf3 e6 3. d4 cxd4 4. Nxd4 Nc6 5. g3 Nf6 6. Bg2 Qc7 7. 0-0 a6 8. c4 Nxd4 9. Qxd4 Bc5 10. Qc3 0-0 11. b4 Be7 12. e5 a5 13. b5 Ng4 14. Bf4 g5 15. h3 gxf4 16. hxg4 Bb4 17. Qd4 fxg3 18. b6 gxf2+ 19. Kh2 Bc5 20. Qf4 Qd8 21. Be4 Qh4+ 22. Kg2 f5 23. Rh1 Qxg4+ 24. Qxg4+ fxg4 25. Bxh7+ Kg7 26. Nd2 Bd4 27. Raf1 g3 28. Rh5 Bxe5 29. Rxe5 Kxh7 30. Rg5 Rf6 31. Ne4 Rh6 32. Nd6 e5 33. Nf5 d6 34. Nxh6 Bd7 35. Nf5 Bxf5 1-0

[Event "AUT-chT2M 9900"]
[Site "Austria"]
[Date "1999.12.04"]
[Round "4.5"]
[White "Harringer, Franz"]
[Black "Dornauer, Joachim"]
[Result "1-0"]
[WhiteElo "2181"]
[BlackElo "2172"]
[PlyCount "53"]
[EventDate "1999.??.??"]
[EventType "team"]
[EventRounds "11"]
[EventCountry "AUT"]
[SourceTitle "EXT 2004"]
[Source "ChessBase"]
[SourceDate "2003.11.25"]
[SourceVersion "1"]
[SourceVersionDate "2003.11.25"]
[SourceQuality "1"]

1. e4 c5 2. Nf3 d6 3. d4 cxd4 4. Nxd4 Nf6 5. Nc3 a6 6. h3 g6 7. g4 Bg7 8. Bg2 0-0 9. a4 Bd7 10. 0-0 Nc6 11. Nde2 Be6 12. Re1 h5 13. Nf4 hxg4 14. Nxe6 fxe6 15. hxg4 Ne5 16. Bh3 Qb6 17. a5 Qc5 18. Be3 Qc6 19. f4 Nc4 20. g5 Nxe3 21. Bxe6+ Kh7 22. Rxe3 Nh5 23. f5 Qc5 24. fxg6+ Kxg6 25. Bf5+ Rxf5 26. exf5+ Kxg5 27. Ne4+ 1-0

[Event "AUT-chT2O 9798"]
[Site "Austria"]
[Date "1998.03.11"]
[Round "11"]
[White "Schwab, Rene"]
[Black "Harringer, Franz"]
[Result "1/2-1/2"]
[WhiteElo "2265"]
[BlackElo "2175"]
[PlyCount "37"]
[EventDate "1997.??.??"]
[EventType "team"]
[EventRounds "13"]
[EventCountry "AUT"]
[SourceTitle "EXT 1999"]
[Source "ChessBase"]
[SourceDate "1998.11.16"]
[SourceVersion "1"]
[SourceVersionDate "1998.11.16"]
[SourceQuality "1"]

1. e4 Nf6 2. Nc3 e6 3. d3 d5 4. Bg5 Be7 5. Be2 0-0 6. Nf3 b6 7. Bxf6 Bxf6 8. e5 Be7 9. h4 c5 10. d4 Ba6 11. Nb5 Qd7 12. a4 cxd4 13. Bd3 f6 14. Ng5 fxg5 15. Bxh7+ Kxh7 16. Qh5+ Kg8 17. hxg5 Rf5 18. Qh8+ Kf7 19. Qh5+ 1/2-1/2